000
00467nam a2200181Ia 4500
008
151018s9999 xx 000 0 und d
082
_b
RBASDV8413
_a
891.433
100
_a
राणू
245
_a
प्यासी नदी
250
_b
5
260
_b
कुसुम
_c
1973
300
_a
164
600
_a
राणू
630
_a
प्यासी नदी
700
_a
राणू
730
_a
प्यासी नदी
942
_c
BOOK
999
_c
1010777
_d
1010774